Ambiente de simulación de sistemas de control basados en controladores lógicos programables
Wedi'i Gadw mewn:
| Prif Awdur: | |
|---|---|
| Awduron Eraill: | |
| Fformat: | Llyfr |
| Cyhoeddwyd: |
San José, Costa Rica
2001
|
| Pynciau: | |
| Tagiau: |
Ychwanegu Tag
Dim Tagiau, Byddwch y cyntaf i dagio'r cofnod hwn!
|
MARC
| LEADER | 00000nam a2200000Ia 4500 | ||
|---|---|---|---|
| 003 | 008887 | ||
| 005 | 20240516135732.0 | ||
| 008 | 140114s2001 cr a m 000 ||s d | ||
| 040 | |c cru CEDI | ||
| 090 | |a TFG 4448 | ||
| 100 | |a Fuentes Schweizer, Andrés Gerardo, 1978- |9 3065 | ||
| 245 | |a Ambiente de simulación de sistemas de control basados en controladores lógicos programables | ||
| 260 | |a San José, Costa Rica |c 2001 | ||
| 300 | |a vii, 84 hojas : ilustraciones (algunos a color) | ||
| 500 | |a Proyecto de graduación (bachillerato en ingeniería eléctrica)--Universidad de Costa Rica. Facultad de Ingeniería. Escuela de Ingeniería Eléctrica | ||
| 501 | |a Profesor Guía de Proyecto Eléctrico: Ing. Geovanny Delgado Cascante | ||
| 650 | |x CONTROL AUTOMATICO |x SIMULACION POR COMPUTADORA |x PROGRAMAS PARA COMPUTADORA |x CONTROLADORES LOGICOS PROGRAMABLES |9 5206 | ||
| 700 | |a Delgado Cascante, Geovanny Antonio, 1963- |d Director de Proyecto Eléctrico |9 1732 | ||
| 942 | |c TFG |h TFG 4448 |i 008887 |6 TFG_4448_008887000000000 | ||
| 999 | |c 17993 |d 17993 | ||
